000 00619nam a2200217 a 4500
001 61871
003 BD-RjUL
005 20211209081018.0
008 170122s1972 enk 00| 0 eng d
035 _a(BD-RjUL)61995
040 _aVAL
_cVAL
_dEQO
_dBD-RjUL
_beng
041 _aeng
082 0 4 _223
_a349.54
_bMIF 1972
100 1 0 _aMitra, Sunil Kumar
_9184191
245 1 0 _aFamily law :
_bHindu law and Mahomedan law /
_cSunil Kumar Mitra
260 _aCalcutta :
_bEastern law house,
_cc1972
300 _a239 p. ;
_c23 cm.
500 _aIncludes index.
650 _aJurisdictions
_zIndia
_9184192
942 _2ddc
_cBK
999 _c61871
_d61871